Statistics for Guess The North American City - With Pictures

Click here to take the quiz!

General Stats

  • This quiz has been taken 15 times
  • The average score is 15 of 32

Answer Stats

Answer% Correct
Las Vegas
92%
New York
92%
Los Angeles
85%
San Francisco
85%
Miami
77%
Toronto
77%
Seattle
69%
Chicago
62%
Mexico City
62%
New Orleans
62%
Quebec City
62%
Atlanta
54%
Tijuana
54%
Boston
46%
Havana
46%
Ottawa
46%
Vancouver
46%
Guadalajara
38%
Nassau
38%
Guatemala City
31%
Honolulu
31%
Kingston
31%
Panama City (Panama)
31%
Cancún
23%
Managua
23%
Montreal
23%
Santo Domingo
23%
Montego Bay
15%
Puebla
15%
Punta Cana
15%
San José (Costa Rica)
15%
Tegucigalpa
15%

Score Distribution

Percentile by Number Answered

Percent of People with Each Score

Your Score History

You have not taken this quiz